Nghiên cứu cải tiến quy trình và ứng dụng phân tích độc tố acrylamide trong cà phê bằng sắc ký lỏng ghép khối phổ LC-MSMS : Luận văn thạc sĩ - Chuyên ngành: Hóa phân tích

Salvato in:
Dettagli Bibliografici
Autore principale: Nguyễn, Thị Bích Phương
Natura: Luận văn
Lingua:Undetermined
Pubblicazione: Đại học Công Nghiệp TP. Hồ Chí Minh 2022
Soggetti:
Accesso online:https://opac.iuh.edu.vn/TraCuuTaiLieuSo2XemChiTiet.aspx?Id=118562
Tags: Aggiungi Tag
Nessun Tag, puoi essere il primo ad aggiungerne! !
Thư viện lưu trữ: Trung tâm Thư viện - Trường Đại học Công nghiệp TP. Hồ Chí Minh
LEADER 00844nam a2200169Ia 4500
001 UIH_02338
008 230809s9999 xx 000 0 und d
082 |a 543 
100 |a Nguyễn, Thị Bích Phương 
245 0 |a Nghiên cứu cải tiến quy trình và ứng dụng phân tích độc tố acrylamide trong cà phê bằng sắc ký lỏng ghép khối phổ LC-MSMS : Luận văn thạc sĩ - Chuyên ngành: Hóa phân tích 
245 0 |c Nguyễn, Thị Bích Phương 
260 |b Đại học Công Nghiệp TP. Hồ Chí Minh 
260 |c 2022 
650 |a Hóa phân tích; 
856 |u https://opac.iuh.edu.vn/TraCuuTaiLieuSo2XemChiTiet.aspx?Id=118562 
927 |a Luận văn 
980 |a Trung tâm Thư viện - Trường Đại học Công nghiệp TP. Hồ Chí Minh